00348nam a2200109Ia 4500008004100000082000800041100002400049245004500073942000600118952009900124999001500223240331s9999 xx 000 0 und d bThi aThirunavukkarasu, V 0aPerinavathathin Alive Illankaiyin Vidivu cL 001040708LaWERCLbWERCLcSSCd2024-03-31l0o 320.954 Thip5545r2024-03-31w2024-03-31yL c2337d2337